| 000 | 00413nam a2200157Ia 4500 | ||
|---|---|---|---|
| 008 | 131103s9999 xx 000 0 und d | ||
| 040 | _aLoreto College | ||
| 041 | _aEnglish | ||
| 082 |
_a823.7/AUS/823.74/AUS _bLCLIB/21969 |
||
| 100 | _aAusten,Jane | ||
| 245 |
_aPride and prejudice _cJane Austen |
||
| 260 |
_aGlasgow _bRobert MacLehose _c[19-?] |
||
| 300 |
_a299 p. _c 20 cm. |
||
| 850 | _aLCLIB | ||
| 942 | _cBK | ||
| 999 |
_c5590 _d56069 |
||